Estudio limnológico de los recursos hídricos del parque de piedras blancas / (Registro nro. 2538)
[ vista simple ]
| 000 -CABECERA | |
|---|---|
| Campo de control | 01429cam a2200325 i 4500 |
| 005 - FECHA Y HORA DE LA ULTIMA TRANSACCION | |
| Campo de control | 20160131112858.0 |
| 008 - ELEMENTOS DE LONGITUD FIJA—INFORMACION GENERAL | |
| Campo de control | 030426s2001 ck abd r 00010 spa d |
| 015 ## - NATIONAL BIBLIOGRAPHY NUMBER | |
| National bibliography number | ck-2001-xxxx |
| 020 ## - ISBN | |
| ISBN | 9589205461 |
| 040 ## - FUENTE DE CATALOGACIÓN | |
| Agencia catalogadora original | la |
| Agencia transcriptora | la |
| Agencia Modificadora | CO-BoIAVH |
| 041 0# - IDIOMA | |
| Código de idioma para texto/pista de sonido o título separado | Español |
| 043 ## - GEOGRAPHIC AREA CODE | |
| Geographic area code | s-ck--- |
| 082 04 - NUMERO DE CLASIFICACION DECIMAL DEWEY | |
| Número de clasificación | 551.48 |
| Número del ítem | P43e |
| 100 1# - ASIENTO PRINCIPAL--NOMBRE PERSONAL | |
| Nombre personal | Roldan Perez, Gabriel |
| 9 (RLIN) | 2082 |
| 245 10 - MENCION DE TITULO | |
| Título | Estudio limnológico de los recursos hídricos del parque de piedras blancas / |
| Mención de responsabilidad | Gabriel Roldan Perez, Jose Andres Pasada y Juan Carlos Gutierrez. |
| 260 ## - PUBLICACION, DISTRIBUCION, ETC. (PIE DE IMPRENTA) | |
| Lugar de publicación, distribución, etc. | Bogota : |
| Nombre del editor, distribuidor, etc. | Editora Guadalupe, |
| Fecha de publicación, distribución, etc. | 2001. |
| 300 ## - DESCRIPCION FISICA | |
| Extensión | 152 páginas : |
| Otros detalles físicos | ilustraciones, mapas y cuadros ; |
| Dimensiones | 23 cm. |
| 504 ## - NOTA DE BIBLIOGRAFIA, ETC. | |
| Nota de bibliografía | Incluye referencias bibliográficas. |
| 650 14 - ASIENTO SECUNDARIO DE MATERIA - TERMINO TEMATICO | |
| Término temático o nombre geográfico como elemento de entrada | Limnología |
| Subdivisión geográfica | Piedras Blancas (Antioquia, Colombia) |
| 9 (RLIN) | 56078 |
| 650 24 - ASIENTO SECUNDARIO DE MATERIA - TERMINO TEMATICO | |
| Término temático o nombre geográfico como elemento de entrada | Ecologia de agua dulce |
| Subdivisión geográfica | Piedras Blancas (Antioquia,Colombia) |
| 9 (RLIN) | 56079 |
| 650 24 - ASIENTO SECUNDARIO DE MATERIA - TERMINO TEMATICO | |
| Término temático o nombre geográfico como elemento de entrada | Fitoplancton de agua dulce |
| Subdivisión geográfica | Piedras Blancas (Antioquia, Colombia) |
| 9 (RLIN) | 56080 |
| 650 24 - ASIENTO SECUNDARIO DE MATERIA - TERMINO TEMATICO | |
| Término temático o nombre geográfico como elemento de entrada | Zooplancton de agua dulce |
| Subdivisión geográfica | Piedras Blancas (Antioquia, Colombia) |
| 9 (RLIN) | 56081 |
| 650 24 - ASIENTO SECUNDARIO DE MATERIA - TERMINO TEMATICO | |
| Término temático o nombre geográfico como elemento de entrada | Zooplancton |
| Subdivisión geográfica | Piedras Blancas (Antioquia, Colombia) |
| 9 (RLIN) | 56082 |
| 650 24 - ASIENTO SECUNDARIO DE MATERIA - TERMINO TEMATICO | |
| Término temático o nombre geográfico como elemento de entrada | Invertebrados |
| Subdivisión geográfica | Piedras Blancas (Antioquia, Colombia) |
| 9 (RLIN) | 56083 |
| 700 1# - ASIENTO SECUNDARIO - NOMBRE PERSONAL | |
| Nombre personal | Posada, Jose Andres, |
| Término de relación | autor. |
| 9 (RLIN) | 56084 |
| 700 1# - ASIENTO SECUNDARIO - NOMBRE PERSONAL | |
| Nombre personal | Gutierrez, Juan Carlos. |
| Término de relación | autor. |
| 9 (RLIN) | 1727 |
| 710 2# - ASIENTO SECUNDARIO - NOMBRE CORPORATIVO | |
| Nombre corporativo o de jurisdicción como elemento de entrada | Academia Colombiana de Ciencias Exactas, Fisicas y Naturales |
| Lugar de la reunión | (Bogota) |
| 9 (RLIN) | 56085 |
| 942 ## - ELEMENTOS ADICIONALES (KOHA) | |
| Sistema de clasificación | Dewey Decimal Classification |
| Tipo de ítem | Libro |
| 949 ## - LOCAL PROCESSING INFORMATION (OCLC) | |
| a | c |
| b | c |
| Withdrawn status | Lost status | Sistema de Clasificación | Damaged status | No para préstamo | Colección | Inventariado | Ubicación Permanente | Ubicación actual | Fecha de adquisición | Fuente de Valor | Valor | Total Checkouts | Número topográfico | Inventario / Código de Barras | Date last seen | Ejemplar | Price effective from | Forma de adquisición | Tipo de material |
|---|---|---|---|---|---|---|---|---|---|---|---|---|---|---|---|---|---|---|---|
| Dewey Decimal Classification | General | Inventariado 2017 | Bogotá | Bogotá | 08/02/2002 | Instituto | 39000.00 | LB-551.48 P43e | 003135 | 04/12/2012 | Ej. 1 | 04/12/2012 | Libro | ||||||
| Dewey Decimal Classification | General | Inventariado 2017 | Sala Fabio Quevedo | Sala Fabio Quevedo | 06/02/2004 | Instituto | 39000.00 | LB-551.48 P43e | 015273 | 04/12/2012 | Ej. 2 | 04/12/2012 | Libro |